Japonskie voennoplennye v Sibiri : (Titelsatznr. 31432)
[ MARC ]
| 000 -Satzkennung | |
|---|---|
| Kontrollfeld mit fester Länge | 00834nam a22002171c 4500 |
| 001 - Kontrollnummer | |
| Kontrollfeld | 00117136573 |
| 008 - Feld mit fester Länge zur physischen Beschreibung - Allgemeine Angaben | |
| Kontrollfeld mit fester Länge | 051003s1995 gw |||| 000u rus d |
| 020 ## - Internationale Standardbuchnummer | |
| Internationale Standardbuchnummer | 5880310159 |
| Verknüpfung | 5-88031-015-9 |
| 040 ## - Katalogisierungsquelle | |
| Übertragungsstelle | RU-10907106 |
| 003 - Kontrollnummer Identifier | |
| Kontrollfeld | RU-10907106 |
| 100 1# - Haupteintragung - Personenname | |
| Personenname | Kuznecov, Sergej I. |
| Koha-Normdatenidentnummer | 12299 |
| 245 00 - Titel | |
| Titel | Japonskie voennoplennye v Sibiri : |
| Zusatz zum Titel | (1945 - 1956 gg.) ; vypusk posvjaščen 50-letiju okončanija vojny na Tichom okeane / |
| Verfasserangabe etc. | [glavnyj red. S. I. Kuznecov] |
| 264 ## - Produktion, Veröffentlichung, Distribution, Herstellung und Urheberrechtsvermerk | |
| Herstellungs-, Veröffentlichungs- Vertriebs-, Erzeugungsort | Irkutsk : |
| Produzent, Herausgeber, Distributor, Hersteller | Arkom, |
| Datum der Herstellung, der Veröffentlichung, des Vertriebs oder des Urheberschutzvermerks | 1995 |
| 300 ## - Physische Beschreibung | |
| Umfang | 28 S. |
| 490 #0 - Gesamttitelangabe | |
| Gesamttitelangabe | Gumanitarnyj Obščestvenno-Naučnyj Centr <Irkutsk>: Naučno-informacionnyj bjulleten' Gumanitarnogo Obščestvenno-Naučnogo Centra |
| Bandnummer/Folgebezeichnung | 4 |
| 546 ## - Fußnote zur Sprache | |
| Sprache | In kyrill. Schr., russ |
| 650 #0 - Nebeneintragung unter einem Schlagwort - Sachschlagwort | |
| Sachschlagwort oder geografischer Name als Eintragungselement | Japanischer Kriegsgefangener |
| Koha-Normdatenidentnummer | 12300 |
| 650 #0 - Nebeneintragung unter einem Schlagwort - Sachschlagwort | |
| Sachschlagwort oder geografischer Name als Eintragungselement | Kriegsgefangener |
| Koha-Normdatenidentnummer | 1688 |
| 651 #0 - Nebeneintragung unter einem Schlagwort - Geografischer Name | |
| Geografischer Name | Sibirien |
| Koha-Normdatenidentnummer | 1690 |
| 942 ## - Zusätzliche Felder (Koha) | |
| Koha-Medientyp | Monographien |
| Ausgeschieden | Verloren | Beschädigt | Nicht entleihbar | Heimatbibliothek | Aufenthaltsbibliothek | Erwerbungsdatum | Inventarnummer | Barcode | Letzte Aktivität | Preis gültig von | Koha-Medientyp |
|---|---|---|---|---|---|---|---|---|---|---|---|
| Vermisst | MWN Osteuropa | MWN Osteuropa | 03/10/2005 | 05-00613 vermisst 2005 Inventur | 31436 | 12/02/2021 | 22/03/2021 | Monographien |